| 000 | 02189nam a2200337 a 4500 | ||
|---|---|---|---|
| 001 | 1978812 | ||
| 003 | AM-YEHGA | ||
| 005 | 20250725125318.0 | ||
| 008 | 240917s2024 ai a||||||||||||||0|arm|d | ||
| 020 | _a9789939837529 | ||
| 040 | _aAM-YeHGA | ||
| 041 | 0 | _aarm | |
| 044 | _aai | ||
| 100 | 1 | _aԽաչմանյան, Սոֆի | |
| 245 | 1 | 0 |
_aԿաթողիկոսի հանդերձանքի պատկերագրությունը հայ միջնադարյան մանրանկարչության մեջ / _cՍ. Խաչմանյան ; Խմբագիր՝ Ս. Հոբոսյան ; Գրախոսներ՝ Ս. Պողոսյան, Ն. արք. Ալեէմէզեան, Գ. Պողոսյան ; [Լուսանկարները՝ Հ.Բ. Խաչերյանի] ; Հայաստանի Հանրապետության գիտությունների ազգային ակադեմիա, Արվեստի ինստիտուտ. |
| 246 | 1 | 5 | _aThe iconography of catholicos' vestments in the armenian medieval miniature painting |
| 260 |
_aԵրևան : _b«Արեգ» հրատարակչություն, _c2024. |
||
| 300 |
_a318 էջ ։ _bգունավոր լուսանկարներ ; _c30 սմ. |
||
| 504 | _aԳրականության ցանկ՝ էջ 301-318։ | ||
| 504 | _aՏողատակում՝ ծանոթագրություններ։ | ||
| 650 | 1 | 0 |
_aՀայկական մանրանկարչություն _xՊատմություն _yXIII-XVIIIդդ. |
| 650 | 1 | 4 |
_aՀոգևորականություն _xՀագուստ |
| 650 | 1 | 4 |
_aՀայ առաքելական եկեղեցու պատմություն _xԿաթողիկոսական հանդերձանքի ծագումնաբանությունը՝ պատմական ընթացքը |
| 700 | 1 |
_aՀոբոսյան, Սուրեն _eխմբագիր _4edt |
|
| 700 | 1 |
_aՊողոսյան, Սվետլանա _eգրախոս _4rev |
|
| 700 | 1 |
_aԱլեէմէզեան, Նարեկ _qարքեպիսկոպոս _eգրախոս _4rev |
|
| 700 | 1 |
_aԽաչերեան, Հրայր Բազէ, _d1961- _eլուսանկարիչ _4pht |
|
| 710 | 2 |
_aՀայաստանի Հանրապետության գիտությունների ազգային ակադեմիա ։ _bԱրվեստի ինստիտուտ |
|
| 942 |
_2udc _cBK _02 |
||
| 090 | _c570183 | ||
| 999 |
_c531420 _d531420 |
||